000
00249nam a2200097Ia 4500
005
20251222114401.0
008
251222s1900||||xx |||||||||||||| ||spa||
082
_a
DVD0111/B63/2005/Ej.2
245
0
_a
Las locuras de Kronk:Kronk's New Groove
942
_c
DVD
999
_c
1640
_d
1640